Not our cup of tea anymore? Emerging trends from trade (Record no. 80428)

MARC details
000 -LEADER
fixed length control field 01083nam a22002897a 4500
003 - CONTROL NUMBER IDENTIFIER
control field OSt
005 - DATE AND TIME OF LATEST TRANSACTION
control field 20231012135240.0
008 - FIXED-LENGTH DATA ELEMENTS--GENERAL INFORMATION
fixed length control field 231012b |||||||| |||| 00| 0 eng d
040 ## - CATALOGING SOURCE
Transcribing agency STCPL
041 ## - LANGUAGE CODE
Language code of text/sound track or separate title English
100 ## - MAIN ENTRY--PERSONAL NAME
Personal name Manash Roy Pradhani, et al.
245 ## - TITLE STATEMENT
Title of the article Not our cup of tea anymore? Emerging trends from trade
246 ## - Journal / Periodical
Title of the journal or magazine Economic and Political Weekly
Volume, Issue Vol.58; No.39 -
Month & Year 30 Sep. 2023
Pages pp. 17-20
520 ## - SUMMARY, ETC.
Summary, etc. Owing to both internal (skewed production and export basket) and external (rising imports, growing competition) challenges, India’s share in global tea exports is gradually declining. In this context, brand building and stricter compliance with global norms by the Indian players are necessary.
630 ## - SUBJECT ADDED ENTRY--UNIFORM TITLE
Uniform title Commerce
650 ## - SUBJECT ADDED ENTRY--TOPICAL TERM
Topical term Skewed production
650 ## - SUBJECT ADDED ENTRY--TOPICAL TERM
Topical term Export basket
650 ## - SUBJECT ADDED ENTRY--TOPICAL TERM
Topical term External imports
650 ## - SUBJECT ADDED ENTRY--TOPICAL TERM
Topical term Competition
650 ## - SUBJECT ADDED ENTRY--TOPICAL TERM
Topical term Global norms
650 ## - SUBJECT ADDED ENTRY--TOPICAL TERM
Topical term International trade
856 ## - ELECTRONIC LOCATION AND ACCESS
Uniform Resource Identifier <a href="https://www.epw.in/journal/2023/39/commentary/not-our-cup-tea-anymore.html">https://www.epw.in/journal/2023/39/commentary/not-our-cup-tea-anymore.html</a>
942 ## - ADDED ENTRY ELEMENTS (KOHA)
Koha item type Journal Articles
942 ## - ADDED ENTRY ELEMENTS (KOHA)
Source of classification or shelving scheme Dewey Decimal Classification
942 ## - ADDED ENTRY ELEMENTS (KOHA)
Source of classification or shelving scheme Dewey Decimal Classification
942 ## - ADDED ENTRY ELEMENTS (KOHA)
Source of classification or shelving scheme Dewey Decimal Classification
Suppress in OPAC No
Holdings
Withdrawn status Lost status Source of classification or shelving scheme Damaged status Not for loan Collection code Home library Current library Shelving location Date acquired Total Checkouts Date last seen Price effective from Koha item type
    Dewey Decimal Classification     Commerce ST. THOMAS COLLEGE LIBRARY, PALAI ST. THOMAS COLLEGE LIBRARY, PALAI Back Volumes Section 2023-10-12   2023-10-12 2023-10-12 Journal Articles
Rights reserved ©2021 ST. THOMAS COLLEGE LIBRARY
A joint venture of - St. Thomas College Library and
Department of Computer Science, St. Thomas Collge Palai